Health effects of mobile phones (Record no. 63484)

MARC details
000 -LEADER
fixed length control field 00995cam a2200229 4500
001 - CONTROL NUMBER
control field WB3619-20
008 - FIXED-LENGTH DATA ELEMENTS--GENERAL INFORMATION
fixed length control field 000000n2000 000 0 eng u
035 ## - SYSTEM CONTROL NUMBER
System control number (Sirsi) u106004
245 ## - TITLE STATEMENT
Title Health effects of mobile phones
260 ## - PUBLICATION, DISTRIBUTION, ETC.
Date of publication, distribution, etc. 2000
490 ## - SERIES STATEMENT
Series statement DETR News Release
Volume/sequential designation (0270) 11 May 2000, (12)
520 ## - SUMMARY, ETC.
Summary, etc. Government response to the report of the Independent Expert Group on Mobile Phones and Health, commissioned in April 1999. Base station planning issues and emissions are discussed. Although the report states the balance of evidence does not suggest mobile phones are a health risk, the government intends to expand the research programme into the effects of mobile phone use.
590 ## - LOCAL NOTE (RLIN)
Local note WB
650 ## - SUBJECT ADDED ENTRY--TOPICAL TERM
Topical term or geographic name entry element MOBILE PHONE MASTS
650 ## - SUBJECT ADDED ENTRY--TOPICAL TERM
Topical term or geographic name entry element BASE STATIONS
650 ## - SUBJECT ADDED ENTRY--TOPICAL TERM
Topical term or geographic name entry element EMISSION LEVELS
650 ## - SUBJECT ADDED ENTRY--TOPICAL TERM
Topical term or geographic name entry element INDEPENDENT EXPERT GROUP ON MOBILE PHONES AND HEALTH
650 ## - SUBJECT ADDED ENTRY--TOPICAL TERM
Topical term or geographic name entry element SIR WILLIAM STEWART
650 ## - SUBJECT ADDED ENTRY--TOPICAL TERM
Topical term or geographic name entry element HEALTH HAZARDS
690 ## - LOCAL SUBJECT ADDED ENTRY--TOPICAL TERM (OCLC, RLIN)
Topical term or geographic name as entry element Health and safety
9 (RLIN) 6244
942 ## - ADDED ENTRY ELEMENTS (KOHA)
Suppress in OPAC 0
Holdings
Withdrawn status Lost status Source of classification or shelving scheme Damaged status Not for loan Home library Current library Shelving location Date acquired Total Checkouts Full call number Barcode Date last seen Copy number Price effective from Koha item type
    Dewey Decimal Classification     London London News article 18/05/2000   WB3619-37 106004-1001 06/08/2019 1 06/08/2019 News article